000 00640nam a2200289Ia 4500
005 20260401122134.0
008 008 250103s9999 xx 000 0 eng d
020 _a0-571-17454-X
037 _aTB
040 _aEDL
040 _beng
040 _cEDL
041 _2eng
041 _aeng
084 _a821 BAK
084 _qEDL
100 _aBaker, Kenneth Ed.
_91232702
245 0 _aFaber Book of War Poetry
245 0 _cBaker, Kenneth Ed.
260 _aLondon
260 _bFaber and Faber
260 _c1997
942 _cTB
942 _h821 BAK
999 _c1845179
_d1845179